| 000 | 00000nam 2200000za 4500 |
| 001 | 9.816601 |
| 003 | CaOODSP |
| 005 | 20221107142304 |
| 007 | cr ||||||||||| |
| 008 | 160429s1992 onc |o f|0| 0 eng d |
| 040 | |aCaOODSP|beng |
| 043 | |an-cn--- |
| 086 | 1 |aCS89-538/1992E-PDF |
| 100 | 1 |aChe-Alford, Janet. |
| 245 | 10|aResidential mobility of Canadians |h[electronic resource] / |cby Janet Che-Alford. |
| 260 | |a[Ottawa] : |bStatistics Canada, |c1992. |
| 300 | |aii, 32 p. : |btables, charts. |
| 500 | |aIssued also in French under title: La mobilité résidentielle des Canadiens. |
| 500 | |aDigitized edition from print [produced by Statistics Canada]. |
| 692 | 07|2gccst|aMigration |
| 692 | 07|2gccst|aInternal migration |
| 710 | 2 |aStatistics Canada. |
| 775 | 08|tLa mobilité résidentielle des Canadiens |w(CaOODSP)9.816602 |
| 856 | 40|qPDF|s4.16 MB|uhttps://publications.gc.ca/collections/collection_2016/statcan/CS89-538-1992-eng.pdf |